000 00880nam a22002777a 4500
001 9905
003 FISKH
005 20260313103642.0
008 260313b cb ||||| |||| 00| 0 eng d
020 _a046594004253
040 _aFISKH
_beng
_cFISKH
_dFISKH
050 _aPZ7 .B81422 .F
082 _a813
100 _aBrown, Jeff
245 _aFlat Stanley :
_bHe leads a very full life!
_cBy Jeff Brown ; Illustrated by Steve Bjorkman
260 _aNew York :
_bHarper Trophy,
_c1996.
300 _a57 pages :
_billustrations ;
_c20 cm
490 _aA Trophy chapter book
505 _aN
520 _aAfter a bulletin board falls on Stanley while he is sleeping, he finds that being flat has its advantages.
521 8 _a550
_bLexile
521 8 _aN
_bRaz-Plus
650 _aAdventure
_vChildren's Literature
942 _2ddc
_cBK
_n0
999 _c9905
_d9905